| 000 | 00482pab a2200169 454500 | ||
|---|---|---|---|
| 008 | 180718b2001 xxu||||| |||| 00| 0 eng d | ||
| 100 | _aSreekantaradhya, B.S. | ||
| 245 | _aSocio-economic implications of the growth of industrial investment in Mysore: a city of Karnataka | ||
| 260 | _c2001 | ||
| 300 | _ap.20-31 | ||
| 362 | _aJan-Mar | ||
| 650 | _aMysore - Industries | ||
| 650 | _aIndustrial investment | ||
| 700 | _aBasavaraja, M.G. | ||
| 773 | _aNagarlok | ||
| 909 | _a51353 | ||
| 999 |
_c51353 _d51353 |
||